000 00326nam a2200121Ia 4500
008 220216s9999 xx 000 0 und d
100 _aNair V.K.B.
245 0 _aMikania cordata BL Robin: An alien new to South India
260 _bRubber Board Bulletin
_c1966-68
300 _a28-29
650 _aMikania cordata
942 _cBS
999 _c48666
_d48666